| 000 | 01023cam a2200289 i 4500 | ||
|---|---|---|---|
| 001 | 200441980 | ||
| 003 | TR-AnTOB | ||
| 005 | 20251202114649.0 | ||
| 007 | ta | ||
| 008 | 800612nuuuuuuuufr 000 0 eng d | ||
| 040 |
_aAZS _beng _erda _cAZS _dEEM _dUtOrBLW _dTR-AnTOB |
||
| 041 | 0 | _aeng | |
| 050 | 1 | 4 |
_aQ183.4.A1 _bO8 1961 |
| 090 |
_aTOBBK Q183.4.A1 _bO8 1961 |
||
| 110 | 2 |
_aOrganisation for Economic Co-operation and Development _0http://id.loc.gov/authorities/names/n79045354. _933753 |
|
| 245 | 1 | 0 | _aSupply, recruitment and training of science and mathematics teachers. |
| 264 | 1 |
_aParis, _bOECD, _c1961. |
|
| 300 |
_a46 pages : _btables ; _c24 cm |
||
| 336 |
_atext _btxt _2rdacontent |
||
| 337 |
_aunmediated _bn _2rdamedia |
||
| 338 |
_avolume _bnc _2rdacarrier |
||
| 490 | 0 | _aOECD Science and Education for the future. | |
| 650 | 0 |
_aScience _xStudy and teaching _0http://id.loc.gov/authorities/subjects/sh85118587. _991268 |
|
| 942 |
_2z _cBK |
||
| 999 |
_c200441980 _d60192 |
||